Estudios de crítica literaria / (Record no. 159428)

MARC details
000 -LEADER
campo de control de longitud fija 01054nam a2200229 i 4500
001 - NÚMERO DE CONTROL
campo de control 159428
003 - IDENTIFICADOR DE NÚMERO DE CONTROL
campo de control ES-MaACL
005 - FECHA Y HORA DE LA ÚLTIMA TRANSACCIÓN
campo de control 20231228063236.0
008 - DATOS DE LONGITUD FIJA--INFORMACIÓN GENERAL
campo de control de longitud fija 950223s1884 sp |||| | spa d
080 ## - NÚMERO DE LA CLASIFICACIÓN DECIMAL UNIVERSAL
Número de la Clasificación Decimal Universal 821.134.2.09
100 1# - ENTRADA PRINCIPAL--NOMBRE DE PERSONA
Nombre de persona Menéndez y Pelayo, Marcelino,
Fechas asociadas al nombre 1856-1912
9 (RLIN) 80332
245 10 - MENCIÓN DEL TÍTULO
Título Estudios de crítica literaria /
Mención de responsabilidad, etc. por Marcelino Menéndez y Pelayo.
260 ## - PUBLICACIÓN, DISTRIBUCIÓN, ETC.
Lugar de publicación, distribución, etc. Madrid :
Nombre del editor, distribuidor, etc. [s.n.],
Fecha de publicación, distribución, etc. 1884 (
Fabricante Imp. de A. Pérez Dubrull)
300 ## - DESCRIPCIÓN FÍSICA
Extensión 329 p. ;
Dimensiones 17 cm.
490 1# - MENCIÓN DE SERIE
Mención de serie Colección de escritores castellanos ;
Designación de volumen o secuencia 15
505 8# - NOTA DE CONTENIDO CON FORMATO
Nota de contenido con formato Contiene: De la poesía mística ; De la historia considerada como obra artística ; San Isidoro ; Noticias sobre la vida y escritos de D. Rodrigo Caro ; D. Francisco Martínez de la Rosa ; D. Gaspar Nuñez de Arce
597 ## - NOTA DE DESCRIPCIÓN FÍSICA
NOTA DE DESCRIPCIÓN FÍSICA Port. orlada a dos tintas con grab. xil.
650 #4 - PUNTO DE ACCESO ADICIONAL DE MATERIA--TÉRMINO DE MATERIA
Término de materia o nombre geográfico como elemento de entrada Literatura española-
Subdivisión general Historia y crítica
9 (RLIN) 14560
830 1# - PUNTO DE ACCESO ADICIONAL DE SERIE-TÍTULO UNIFORME
Título uniforme Colección de escritores castellanos ;
Designación de volumen o secuencia 15
9 (RLIN) 180741
852 ## - LOCALIZACIÓN
Ubicación ES-MaACL
Número de control de estantería F-12644
Nota libre - Enc. pasta, conservando la cub. original
Holdings
Estatus retirado Estado de pérdida Estado de daño No para préstamo Colección Biblioteca de origen Biblioteca actual Ubicación en estantería Fecha de adquisición Fuente de adquisición Total de préstamos Signatura topográfica completa Código de barras Visto por última vez Precio de reemplazo Tipo de ítem Koha
        Libros del s. XIX Biblioteca del Ateneo de Madrid Biblioteca del Ateneo de Madrid Sala Pecera Planta 2 17/01/2008     F-12644 1166901 23/02/2023 23/02/2023 Libro impreso antiguo